Statystyki dla Najludniejsze miasta w Arabii Saudyjskiej

Kliknij tutaj aby rozwiązać quiz!

Ogólne statystyki

  • Ten quiz został rozwiązany 9 razy
  • Średni wynik to 3 z 10

Statystyki odpowiedzi

LudnośćMiasto% Poprawnych
3 289 000Rijad
100%
1 534 731Mekka
78%
1 100 093Medyna
67%
3 430 697Dżedda
56%
903 312Ad-Dammam
0%
660 788Al-Hufuf
0%
579 970At-Ta’if
0%
467 410Burajda
0%
430 828Chamis Muszajt
0%
512 629Tabuk
0%

Rozkład punktacji

Percentyl według liczby udzielonych odpowiedzi

Procent ludzi z każdym wynikiem

Twoja historia wyników

Nie rozwiązałeś tego quizu